| 000 | 00724nam a2200229 a 4500 | ||
|---|---|---|---|
| 001 | 17929 | ||
| 003 | CO-ViMGA | ||
| 008 | 141112s2004 ck r 000 u spa d | ||
| 020 | _a848307334X | ||
| 040 |
_aCO-ViMGA _bspa _cCO-ViMGA |
||
| 082 | 0 | 4 | _a297.72 R172t |
| 100 | 1 |
_aRashid, Ahmed _925367 |
|
| 245 | 1 | 0 | _aLos Talibán . El Islam , el petróleo y el nuevo gran juego en Asia Central |
| 260 |
_aBarcelona (España), _cAtalaya, _c2001 |
||
| 300 | _a375.p. | ||
| 590 | _aForma de adquisición : Premio - Mincultura | ||
| 650 | 1 | 4 |
_aAFGANISTAN - ASPECTOS POLITICOS _925368 |
| 650 | 1 | 4 |
_aINDUSTRIA DEL PETROLEO EN ASIA CENTRAL _925369 |
| 650 | 1 | 4 |
_aISLAMISMO _976 |
| 650 | 1 | 4 |
_aTALIBAN - HISTORIA _925370 |
| 942 |
_2ddc _cBK |
||
| 999 |
_c27328 _d27328 |
||